Developing a strategy for missions : (Record no. 10397)

MARC details
000 -LEADER
fixed length control field 02719cam a2200361 i 4500
001 - CONTROL NUMBER
control field 826685433
003 - CONTROL NUMBER IDENTIFIER
control field OCoLC
005 - DATE AND TIME OF LATEST TRANSACTION
control field 20241126110731.0
008 - FIXED-LENGTH DATA ELEMENTS--GENERAL INFORMATION
fixed length control field 130531s2013 miuab b 001 0 eng
010 ## -
-- 2013014498
020 ## - INTERNATIONAL STANDARD BOOK NUMBER
International Standard Book Number 9780801039539 (pbk.)
020 ## - INTERNATIONAL STANDARD BOOK NUMBER
International Standard Book Number 0801039533 (pbk.)
035 ## - SYSTEM CONTROL NUMBER
System control number (OCoLC)826685433
040 ## - CATALOGING SOURCE
Original cataloging agency DLC
Language of cataloging eng
Description conventions rda
Transcribing agency DLC
Modifying agency YDX
-- YDXCP
-- BDX
-- OCLCO
-- KAT
-- OOY
-- LNT
-- OCLCF
-- XPQ
-- ATH
042 ## -
-- pcc
050 00 -
-- BV2063
-- .T335 2013
082 ## - DEWEY DECIMAL CLASSIFICATION NUMBER
Classification number 266
Item number TER
100 1# - MAIN ENTRY--PERSONAL NAME
Personal name Terry, John Mark,
Dates associated with a name 1949-
9 (RLIN) 15739
245 10 - TITLE STATEMENT
Title Developing a strategy for missions :
Remainder of title a biblical, historical, and cultural introduction /
Statement of responsibility, etc. John Mark Terry, J. D. Payne.
264 #1 - PRODUCTION, PUBLICATION, DISTRIBUTION, MANUFACTURE, AND COPYRIGHT NOTICE
Place of production, publication, distribution, manufacture Grand Rapids, Michigan :
Name of producer, publisher, distributor, manufacturer Baker Academic, a division of Baker Publishing Group,
Date of production, publication, distribution, manufacture, or copyright notice 2013.
300 ## - PHYSICAL DESCRIPTION
Extent x, 287 pages :
Other physical details illustrations, map ;
Dimensions 23 cm.
336 ## - CONTENT TYPE
Content type term text
Source rdacontent
337 ## - MEDIA TYPE
Media type term unmediated
Source rdamedia
338 ## - CARRIER TYPE
Carrier type term volume
Source rdacarrier
490 1# - SERIES STATEMENT
Series statement Encountering mission
504 ## - BIBLIOGRAPHY, ETC. NOTE
Bibliography, etc. note Includes bibliographical references (pages 269-275) and indexes.
505 0# - FORMATTED CONTENTS NOTE
Formatted contents note Strategy defined -- The crafting of mission strategy -- Contemporary objections to missionary strategy -- Strategic planning in biblical perspective -- Missiological principles for strategy development -- The apostle Paul's missionary strategy -- Missions strategy in the early church -- Roman Catholic strategy -- Pioneer Protestant strategies -- Faith missions strategy -- Mission strategies on the American frontier -- The indigenous mission strategy -- The church growth movement -- Frontier strategies -- Contextualization strategies -- Understanding cultural research -- Developing a people-group profile -- Developing a communication strategy -- Discerning receptivity -- Discerning need -- Visioning for the future -- Forming a team -- Assessing the resources -- Setting goals -- Choosing appropriate methods -- Execution -- Evaluation.
520 8# - SUMMARY, ETC.
Summary, etc. 'In this addition to the highly acclaimed Encountering Mission series, two leading missionary scholars offer an up-to-date discussion of missionary strategy that is designed for a global audience. The authors focus on the biblical, missiological, historical, cultural, and practical issues that inform and guide the development of an effective missions strategy. The book includes all the features that have made other series volumes useful classroom tools, such as figures, sidebars, and case studies. Students of global or domestic mission work and mission practitioners will value this new resource' -- Publisher description.
650 #0 - SUBJECT ADDED ENTRY--TOPICAL TERM
Topical term or geographic name entry element Missions
General subdivision Theory.
9 (RLIN) 48
700 1# - ADDED ENTRY--PERSONAL NAME
Personal name Payne, Jervis David,
Dates associated with a name 1974-
9 (RLIN) 18070
830 #0 -
-- Encountering mission.
-- 14363
942 ## - ADDED ENTRY ELEMENTS (KOHA)
Source of classification or shelving scheme Dewey Decimal Classification
Koha item type Books
Koha issues (borrowed), all copies 1
Holdings
Withdrawn status Lost status Source of classification or shelving scheme Damaged status Not for loan Home library Current Library Shelving location Date acquired Total checkouts Full call number Barcode Date last seen Date last checked out Copy number Price effective from Koha item type
    Dewey Decimal Classification     GRACE BIBLE COLLEGE GRACE BIBLE COLLEGE Ministry & Mission 2024-07-09 6 266 TER 020779 2026-03-02 2026-02-25 c.1 2024-07-09 Books
© Grace Bible College Library 2025